| 000 | 01607nam0a2200349 4500 | ||
|---|---|---|---|
| 001 | RU\NLR\bibl\852812 | ||
| 005 | 20260408183030.0 | ||
| 010 |
_a5-222-06237-6 _95000 |
||
| 021 |
_aRU _b2005-27788 _91397 |
||
| 035 | _a(NLR Aleph) 000841551 | ||
| 090 |
_a1423657 _c1423657 |
||
| 100 | _a20051012d2005 u y0rusy50 ca | ||
| 101 | 0 | _arus | |
| 102 | _aRU | ||
| 105 | _aa ||||||||| | ||
| 200 | 1 |
_aКонфликтология для педагогов _eучебное пособие для студентов образовательных учреждений среднего профессионального образования _fИ.А. Рудакова, С.В. Жильцова, Е.А. Филипенко |
|
| 210 |
_aРостов-на-Дону _cФеникс _d2005 |
||
| 215 |
_a155 с. _cил. _d21 |
||
| 225 | 1 | _aСерия "Среднее профессиональное образование" | |
| 320 | _aБиблиогр.: с. 150-152 (23 назв.) | ||
| 606 |
_aКонфликты (социол.) в образовании _jУчебные издания для среднего профессионального образования _3RU\NLR\auth\661010301 _91614800 |
||
| 686 | _aС550.55я723 | ||
| 686 | _aС550.73я723 | ||
| 700 | 1 |
_4070 _7ca _8rus _aРудакова _bИ. А. _gИрина Алексеевна _9172037 _3RU\NLR\AUTH\770172087 |
|
| 701 | 1 |
_aЖильцова _bС. В. _4070 |
|
| 701 | 1 |
_aФилипенко _bЕ. А. _4070 |
|
| 801 | 0 |
_aRU _bNLR _c20051012 _grcr |
|
| 801 | 1 |
_aRU _bNLR _c20051012 |
|
| 942 | _cBOOK | ||
| 980 | _aNB | ||